000 00767 a2200277 4500
999 _c200001265
_d28608
001 200001265
003 TR-AnTOB
005 20250117101535.0
008 100711s2010 tu 000 0
020 _a9754869433
040 _aB9K
_cB9K
_dTR-AnTOB
041 _atur
050 _aKKX810
090 _aKKX810 .N66 2010
100 1 _aNomer, Haluk Nami
_9122272
245 1 0 _aBorçlar hukuku genel hükümler /
_cHaluk N. Nomer.
264 1 _aIstanbul :
_bBeta,
_c2010.
300 _a277 s. ;
_c24 cm.
336 _2rdacontent
_atext
_btxt
337 _2rdamedia
_aunmediated
_bn
338 _2rdacarrier
_avolume
_bnc
490 0 _aBeta ;
_v2333
_aHukuk dizisi ;
_v1105
650 7 _aBorçlar (Hukuk)
_zTürkiye
_2etuturkob
_939556
942 _cBK
_2lcc